[Event "Recife JEBS (Women) op"]
[Site "Recife"]
[Date "2024.09.30"]
[Round "6"]
[White "Neri, Laura Da Cunha"]
[Black "Soares, Amanda Duarte"]
[Result "0-1"]
[WhiteElo "1618"]
[BlackElo "1800"]
[PlyCount "78"]
[EventDate "2024.09.28"]
[EventType "swiss"]
[EventRounds "6"]
[EventCountry "BRA"]
[SourceTitle "EXT 2025"]
[Source "ChessBase"]
[SourceDate "2024.10.14"]
[SourceVersion "1"]
[SourceVersionDate "2024.10.14"]
[SourceQuality "1"]

1. e4 e6 2. Nf3 d5 3. exd5 exd5 4. d4 Bd6 5. Bd3 Ne7 6. 0-0 Bg4 7. h3 Bh5 8. Nc3 c6 9. Be2 f6 10. Re1 Nd7 11. Nh2 Bxe2 12. Qxe2 Qc7 13. Ng4 0-0-0 14. Qf3 Rdf8 15. Ne2 f5 16. Ne5 Nxe5 17. dxe5 Bxe5 18. Nf4 Bxf4 19. Bxf4 Qd7 20. Re2 Ng6 21. Rae1 Re8 22. Rxe8+ Rxe8 23. Rxe8+ Qxe8 24. Bd2 Ne7 25. Be3 a6 26. Bg5 g6 27. Qe3 Kd7 28. Qa7 Qc8 29. Bxe7 Kxe7 30. Qe3+ Qe6 31. Qxe6+ Kxe6 32. f4 d4 33. Kf2 Kd5 34. Ke2 Ke4 35. g3 c5 36. a4 h5 37. h4 c4 38. Kf2 d3 39. cxd3+ Kxd3 0-1

[Event "Recife JEBS (Women) op"]
[Site "Recife"]
[Date "2024.09.29"]
[Round "3"]
[White "Sousa, Isabela Neres"]
[Black "Neri, Laura Da Cunha"]
[Result "1-0"]
[WhiteElo "1800"]
[BlackElo "1618"]
[PlyCount "127"]
[EventDate "2024.09.28"]
[EventType "swiss"]
[EventRounds "6"]
[EventCountry "BRA"]
[SourceTitle "EXT 2025"]
[Source "ChessBase"]
[SourceDate "2024.10.14"]
[SourceVersion "1"]
[SourceVersionDate "2024.10.14"]
[SourceQuality "1"]

1. e4 c5 2. Nf3 e6 3. d4 cxd4 4. Nxd4 Nc6 5. Nxc6 bxc6 6. Nc3 Qc7 7. Bd3 Bb7 8. 0-0 Nf6 9. Be3 Be7 10. f4 0-0 11. e5 Nd5 12. Nxd5 cxd5 13. Kh1 d6 14. Bd4 h6 15. Qg4 f5 16. exf6 Bxf6 17. Qxe6+ Kh8 18. Bxf6 Rxf6 19. Qh3 Re8 20. Rae1 Qf7 21. Qg3 Rfe6 22. h3 d4 23. Bc4 d5 24. Bd3 Bc8 25. Rxe6 Rxe6 26. Qg4 Bd7 27. Bf5 Re7 28. Bxd7 Rxd7 29. f5 Qf6 30. Qg6 Qxg6 31. fxg6 Kg8 32. Rf4 d3 33. cxd3 Rd6 34. Rf7 a6 35. Rf5 d4 36. Rf4 Rxg6 37. Rxd4 Kf7 38. Re4 Rf6 39. b4 Rf1+ 40. Kh2 Ra1 41. Re2 Rb1 42. Rf2+ Ke6 43. Rc2 Kd6 44. a3 Rb3 45. Rc8 Ke7 46. Ra8 Rxa3 47. b5 Kd7 48. Rxa6 Rxd3 49. Ra7+ Kc8 50. Rxg7 Rd5 51. Rh7 h5 52. b6 Rb5 53. h4 Kb8 54. Kg3 Rxb6 55. Rxh5 Rg6+ 56. Rg5 Rxg5+ 57. hxg5 Kc7 58. Kh4 Kd8 59. Kh5 Ke8 60. Kh6 Kf8 61. Kh7 Kf7 62. g6+ Kf8 63. g7+ Kf7 64. g8Q+ 1-0